000 00455nam a2200181Ia 4500
003 OSt
005 20260129111851.0
008 210210b1905 xxu||||| |||| 00| 0 eng d
040 _cAL
041 _aKannada
082 _a853/388
100 _aRAV (A A)
_9161793
_dರಾವ್ (ಎ ಎ)
245 _aHamlet
_bಹ್ಯಾಮ್ಲೆಟ್
260 _aBengaluru
_b-
_c1905
690 _aKannada Drama
_9161794
906 _a019663
942 _2ddc
_cBK
999 _c143804
_d143804